[Event "Chessable Masters Prelim"]
[Site "chess24.com INT"]
[Date "2021.07.31"]
[Round "4.2"]
[White "Tari, Aryan"]
[Black "So, Wesley"]
[Result "1/2-1/2"]
[WhiteTitle "GM"]
[BlackTitle "GM"]
[WhiteElo "2639"]
[BlackElo "2772"]
[WhiteFideId "1510045"]
[BlackFideId "5202213"]
[EventDate "2021.07.31"]

1. e4 e5 2. Nf3 Nc6 3. Bb5 Nf6 4. O-O Nxe4 5. Re1 Nd6 6. Nxe5 Be7 7. Bf1 Nf5 8.
Nf3 d5 9. d4 O-O 10. c3 Bd6 11. Bd3 Re8 12. g3 Rxe1+ 13. Qxe1 Nfe7 14. Nbd2 Bf5
15. Qe2 Qd7 16. Nf1 Re8 17. Ne3 Bxd3 18. Qxd3 Nd8 19. Bd2 c6 20. Re1 f6 21. Nf5
Nxf5 22. Rxe8+ Qxe8 23. Qxf5 Qe6 24. Qxe6+ Nxe6 25. Ne1 Kf7 26. Nd3 h5 27. Kg2
g5 28. h3 Kg6 29. g4 f5 30. f3 hxg4 31. hxg4 f4 32. Kf2 b6 33. b4 Kf6 34. Ke2
Ke7 35. Kd1 b5 36. Ke1 Ke8 37. Kd1 Ke7 38. Ke1 Ke8 39. Kd1 Ke7 1/2-1/2

[Event "Chessable Masters Prelim"]
[Site "chess24.com INT"]
[Date "2021.07.31"]
[Round "4.3"]
[White "Iturrizaga Bonelli, Eduardo"]
[Black "Firouzja, Alireza"]
[Result "1/2-1/2"]
[WhiteTitle "GM"]
[BlackTitle "GM"]
[WhiteElo "2607"]
[BlackElo "2759"]
[WhiteFideId "3901211"]
[BlackFideId "12573981"]
[EventDate "2021.07.31"]

1. c4 Nf6 2. g3 c5 3. Bg2 d5 4. cxd5 Nxd5 5. Nc3 Nc7 6. d3 e5 7. Be3 Be7 8. Rc1
Nd7 9. a4 O-O 10. Nf3 b6 11. Nd2 Rb8 12. Qb3 Nf6 13. Nc4 Be6 14. Qc2 Nd7 15. Nb5
Nxb5 16. axb5 a6 17. bxa6 b5 18. a7 Ra8 19. Na3 Qa5+ 20. Qd2 Rxa7 21. Qxa5 Rxa5
22. Bc6 b4 23. Nc4 Ra2 24. O-O Rb8 25. Ra1 b3 26. Bxd7 Bxd7 27. Rxa2 bxa2 28.
Ra1 e4 29. Rxa2 exd3 30. exd3 Bf5 31. Ra5 Bxd3 32. Bxc5 Bf6 33. b3 h5 34. Nb6
Be4 35. Nd7 Rxb3 36. Nxf6+ gxf6 37. Ra1 Rb1+ 1/2-1/2

[Event "Chessable Masters Prelim"]
[Site "chess24.com INT"]
[Date "2021.07.31"]
[Round "4.4"]
[White "Ju, Wenjun"]
[Black "Van Foreest, Jorden"]
[Result "0-1"]
[WhiteTitle "GM"]
[BlackTitle "GM"]
[WhiteElo "2560"]
[BlackElo "2688"]
[WhiteFideId "8603006"]
[BlackFideId "1039784"]
[EventDate "2021.07.31"]

1. d4 d5 2. c4 e6 3. Nf3 a6 4. cxd5 exd5 5. Nc3 c6 6. Bf4 Bd6 7. Be5 f6 8. Bxd6
Qxd6 9. e3 Ne7 10. Bd3 Bf5 11. Bxf5 Nxf5 12. O-O O-O 13. Qb3 Nd7 14. e4 Ne7 15.
Rfe1 Rab8 16. exd5 Nxd5 17. Nd2 Nb6 18. Nde4 Qb4 19. Nc5 Qxb3 20. axb3 Rf7 21.
Re4 Nd7 22. Nxd5 cxd5 23. Re6 Rc8 24. b4 Nb8 25. Rd6 Nc6 26. Nd3 Nxd4 27. Rxd5
Nc6 28. Re1 Rfc7 29. h4 Kf7 30. f3 Ne7 31. Rd4 Nc6 32. Rd5 Rd8 33. Rxd8 Nxd8 34.
Nc5 Nc6 35. Re4 h5 36. Kh2 Re7 37. Rxe7+ Kxe7 38. Nxb7 Nxb4 39. Kg3 Nd3 40. b3
Ke6 41. f4 Kd5 42. Kf3 Ne1+ 43. Kf2 Nc2 44. g3 Nd4 45. Na5 Kc5 46. Ke3 Nf5+ 47.
Kf3 Kb4 48. Nb7 Nd4+ 49. Ke4 Nxb3 50. Kf5 Nc5 51. Nd6 a5 52. Kg6 a4 53. Nf5 a3
54. Nd4 Kc4 55. Nc2 a2 56. Kxg7 Kc3 57. Na1 Kb2 0-1

[Event "Chessable Masters Prelim"]
[Site "chess24.com INT"]
[Date "2021.07.31"]
[Round "4.5"]
[White "Artemiev, Vladislav"]
[Black "Adhiban, Baskaran"]
[Result "1-0"]
[WhiteTitle "GM"]
[BlackTitle "GM"]
[WhiteElo "2704"]
[BlackElo "2660"]
[WhiteFideId "24101605"]
[BlackFideId "5018471"]
[EventDate "2021.07.31"]

1. Nf3 c5 2. b3 d6 3. c4 e5 4. Nc3 Nc6 5. g3 g6 6. Bb2 Bg7 7. d3 f5 8. Bg2 Nh6
9. O-O O-O 10. a3 a5 11. Nd5 g5 12. Nd2 g4 13. e3 Kh8 14. b4 a4 15. bxc5 dxc5
16. Rb1 Ra6 17. Bc3 Nb8 18. f4 gxf3 19. Nxf3 Nd7 20. Nh4 Qg5 21. Qe2 Ng4 22.
Nxf5 Rxf5 23. Rxf5 Qxf5 24. Ne7 Qf8 25. Nxc8 Ndf6 26. Bxb7 Re6 27. h3 Nh6 28. e4
Nf7 29. Nb6 Bh6 30. Bc8 Re8 31. Bf5 Qg7 32. Kh2 Rg8 33. Rg1 Bf4 34. Qf2 Bg5 35.
Nd5 Nh5 36. Bg4 Nf6 37. Nxf6 Bxf6 38. Rf1 1-0

[Event "Chessable Masters Prelim"]
[Site "chess24.com INT"]
[Date "2021.07.31"]
[Round "4.6"]
[White "Harikrishna, Pentala"]
[Black "Mamedyarov, Shakhriyar"]
[Result "1/2-1/2"]
[WhiteTitle "GM"]
[BlackTitle "GM"]
[WhiteElo "2730"]
[BlackElo "2782"]
[WhiteFideId "5007003"]
[BlackFideId "13401319"]
[EventDate "2021.07.31"]

1. d4 d5 2. c4 dxc4 3. Nf3 a6 4. e3 b5 5. a4 Bb7 6. b3 Nf6 7. axb5 axb5 8. Rxa8
Bxa8 9. bxc4 bxc4 10. Bxc4 e6 11. O-O Be7 12. Nbd2 O-O 13. Qc2 Nbd7 14. Bb2 c5
15. Ra1 cxd4 16. Nxd4 Qb8 17. Rb1 Ne5 18. Bf1 Neg4 19. N4f3 Bd6 20. Be5 Qd8 21.
Bxd6 Qxd6 22. h3 Ne5 23. Nxe5 Qxe5 24. Rb5 Bd5 25. Rc5 Qb8 26. Be2 h6 27. Bf3
Rd8 28. Bxd5 Nxd5 29. Nf3 Nb4 30. Qb3 Nd3 31. Qxb8 Rxb8 32. Rc2 Rb1+ 33. Kh2 g5
34. g4 e5 35. Rd2 e4 36. Nd4 Kh7 37. Ra2 Kg6 38. Ra6+ f6 39. Ra2 h5 40. gxh5+
Kxh5 41. Nf5 Kg6 42. Ne7+ Kh7 43. Nd5 Kg7 44. Ra7+ Kg6 45. Ra6 Ne5 46. Rxf6+ Kg7
47. Nc3 Rc1 48. Nxe4 Rc4 49. f4 Rxe4 50. fxe5 Rxe3 51. Rf5 Kg6 52. Rf6+ Kg7 53.
Rf5 Kg6 54. Rf6+ Kg7 1/2-1/2

[Event "Chessable Masters Prelim"]
[Site "chess24.com INT"]
[Date "2021.07.31"]
[Round "4.7"]
[White "Anton Guijarro, David"]
[Black "Le, Quang Liem"]
[Result "1/2-1/2"]
[WhiteTitle "GM"]
[BlackTitle "GM"]
[WhiteElo "2673"]
[BlackElo "2709"]
[WhiteFideId "2285525"]
[BlackFideId "12401137"]
[EventDate "2021.07.31"]

1. Nf3 d5 2. b3 Bg4 3. Bb2 Nd7 4. g3 Ngf6 5. Bg2 e6 6. O-O a5 7. h3 Bh5 8. a3 a4
9. b4 c5 10. bxc5 Bxc5 11. Nc3 O-O 12. Rb1 Qe7 13. Nb5 Ne4 14. Bd4 Rfc8 15. g4
Bg6 16. d3 Nef6 17. Bxc5 Qxc5 18. Rb2 h5 19. g5 Ne8 20. Nh4 Nf8 21. Qd2 Nd6 22.
Nxd6 Qxd6 23. Rb4 Rc7 24. Rc1 Bh7 25. Nf3 e5 26. c4 Ne6 27. cxd5 Rxc1+ 28. Qxc1
Nf4 29. Bf1 Bf5 30. Nxe5 Nxe2+ 31. Bxe2 Qxe5 32. Bf1 Qxd5 33. Qc4 Qd8 34. Qf4
Qd7 35. Rd4 Qe6 36. Rxa4 Rxa4 37. Qxa4 Bxh3 38. Bxh3 Qxh3 39. Qe8+ Kh7 40. Qxf7
Qg4+ 41. Kf1 Qd1+ 42. Kg2 Qg4+ 43. Kf1 Qd1+ 44. Kg2 Qg4+ 45. Kf1 1/2-1/2

[Event "Chessable Masters Prelim"]
[Site "chess24.com INT"]
[Date "2021.07.31"]
[Round "5.1"]
[White "Koneru, Humpy"]
[Black "Mishra, Abhimanyu"]
[Result "1/2-1/2"]
[WhiteTitle "GM"]
[BlackTitle "IM"]
[WhiteElo "2586"]
[BlackElo "2504"]
[WhiteFideId "5008123"]
[BlackFideId "30920019"]
[EventDate "2021.07.31"]

1. d4 Nf6 2. c4 g6 3. Nc3 d5 4. cxd5 Nxd5 5. e4 Nxc3 6. bxc3 Bg7 7. Qa4+ Nd7 8.
Nf3 c5 9. Be2 O-O 10. O-O Nb6 11. Qa3 cxd4 12. cxd4 Bg4 13. Bg5 Bxf3 14. Bxf3
Qxd4 15. Rad1 Qe5 16. Bxe7 Rfe8 17. Bh4 Qb2 18. Qxb2 Bxb2 19. Rb1 Be5 20. Bg5
Rac8 21. Be3 Nc4 22. Rxb7 Nxe3 23. fxe3 Rc7 24. Rxc7 Bxc7 25. Rc1 Bb6 26. Kf2 f5
27. Ke2 fxe4 28. Bg4 Re5 1/2-1/2

[Event "Chessable Masters Prelim"]
[Site "chess24.com INT"]
[Date "2021.07.31"]
[Round "5.3"]
[White "Mamedyarov, Shakhriyar"]
[Black "Anton Guijarro, David"]
[Result "1-0"]
[WhiteTitle "GM"]
[BlackTitle "GM"]
[WhiteElo "2782"]
[BlackElo "2673"]
[WhiteFideId "13401319"]
[BlackFideId "2285525"]
[EventDate "2021.07.31"]

1. d4 Nf6 2. c4 g6 3. Nc3 Bg7 4. Nf3 O-O 5. Bg5 h6 6. Bd2 c5 7. d5 d6 8. Qc1 Kh7
9. h4 Ng4 10. e4 e6 11. h5 g5 12. Bd3 exd5 13. Nxd5 Nc6 14. Bc3 Nge5 15. Nxe5
Nxe5 16. Qc2 Be6 17. Ne3 a6 18. Be2 Nc6 19. Bg4 Be5 20. Bf5+ Bxf5 21. Nxf5 Qf6
22. O-O-O Rad8 23. Rh3 g4 24. Rhd3 Qg5+ 25. Kb1 Qxh5 26. Qc1 Qg6 27. Bxe5 Nxe5
28. Rxd6 Rxd6 29. Rxd6 f6 30. Qe3 g3 31. f3 Rf7 32. b3 Qh5 33. Kb2 Qh2 34. Rd2
b5 35. f4 Ng6 36. Nd6 Re7 37. cxb5 axb5 38. e5 c4 39. Nf5 Rc7 40. Qb6 c3+ 41.
Kc2 Rf7 42. Qe6 Nh8 43. Kxc3 Qg1 44. Kb2 Qe1 45. Rc2 Qe4 46. a3 h5 47. Nd6 Qd4+
48. Ka2 Qd3 49. Rb2 Ra7 50. exf6 b4 51. a4 Ng6 52. f7 Nf8 53. Qe5 Qg6 54. Ne4
Qg7 55. Qxh5+ Qh6 56. Qf5+ Kg7 57. Ng5 Qf6 58. Qxf6+ Kxf6 59. Re2 1-0

[Event "Chessable Masters Prelim"]
[Site "chess24.com INT"]
[Date "2021.07.31"]
[Round "5.4"]
[White "Adhiban, Baskaran"]
[Black "Harikrishna, Pentala"]
[Result "1/2-1/2"]
[WhiteTitle "GM"]
[BlackTitle "GM"]
[WhiteElo "2660"]
[BlackElo "2730"]
[WhiteFideId "5018471"]
[BlackFideId "5007003"]
[EventDate "2021.07.31"]

1. e4 e5 2. Nf3 Nc6 3. Bc4 Bc5 4. d3 h6 5. c3 Nf6 6. b4 Bb6 7. a4 a6 8. O-O O-O
9. Nbd2 d6 10. h3 Ne7 11. Bb3 Ng6 12. Nc4 Ba7 13. Be3 Be6 14. Re1 Bxe3 15. Nxe3
Qd7 16. Bxe6 Qxe6 17. Nh2 d5 18. Nhg4 dxe4 19. Nxf6+ Qxf6 20. dxe4 Rad8 21. Nd5
Qg5 22. Qg4 c6 23. Ne3 Rd3 24. Rac1 Rfd8 25. g3 b5 26. axb5 axb5 27. c4 bxc4 28.
Rxc4 Ne7 29. Qxg5 hxg5 30. Nf5 Nxf5 31. exf5 Rd1 32. Rxd1 Rxd1+ 33. Kg2 Rb1 34.
Rxc6 Rxb4 35. f6 gxf6 36. Rxf6 Kg7 37. Rc6 Rb2 38. g4 f6 39. Kg3 Rb3+ 40. Kg2
Rb2 41. Kg3 Rb3+ 42. Kg2 Rb2 1/2-1/2

[Event "Chessable Masters Prelim"]
[Site "chess24.com INT"]
[Date "2021.07.31"]
[Round "5.5"]
[White "Van Foreest, Jorden"]
[Black "Artemiev, Vladislav"]
[Result "1/2-1/2"]
[WhiteTitle "GM"]
[BlackTitle "GM"]
[WhiteElo "2688"]
[BlackElo "2704"]
[WhiteFideId "1039784"]
[BlackFideId "24101605"]
[EventDate "2021.07.31"]

1. e4 d5 2. exd5 Qxd5 3. Nc3 Qd6 4. d4 Nf6 5. Nf3 c6 6. Ne5 Nbd7 7. Nc4 Qc7 8.
Bd3 b5 9. Ne3 e6 10. O-O Bd6 11. h3 Bb7 12. a4 b4 13. Ne4 Nxe4 14. Bxe4 Nf6 15.
Bf3 Rd8 16. a5 c5 17. Bxb7 Qxb7 18. a6 Qc6 19. c3 bxc3 20. bxc3 cxd4 21. cxd4
O-O 22. Qa4 Qe4 23. Rd1 h6 24. Ba3 Bxa3 25. Rxa3 Rd6 26. Rb3 Rfd8 27. Rb7 Rxd4
28. Rxd4 Rxd4 29. Qc2 Qxc2 30. Nxc2 Ra4 31. Rxa7 Nd5 32. h4 g6 33. g3 Kg7 34.
Kg2 Kf6 35. Kf3 Ra2 36. Ne3 Ra3 37. Ke4 Nc3+ 38. Kf3 h5 39. Nc4 Ra2 40. Nd6 e5
41. Nxf7 e4+ 42. Ke3 Ra3 43. Kd2 Nb5 44. Rb7 Rxa6 45. Ke3 Nd6 46. Nxd6 Rxd6 47.
Kxe4 Re6+ 48. Kf4 Ra6 49. Rb4 Rc6 50. Ke4 Re6+ 51. Kf4 Rc6 52. f3 Ra6 53. g4
hxg4 54. fxg4 g5+ 55. hxg5+ Kg6 56. Rd4 Rb6 57. Ke5 Kxg5 58. Rd6 Rxd6 59. Kxd6
Kxg4 1/2-1/2

[Event "Chessable Masters Prelim"]
[Site "chess24.com INT"]
[Date "2021.07.31"]
[Round "5.6"]
[White "Firouzja, Alireza"]
[Black "Ju, Wenjun"]
[Result "1-0"]
[WhiteTitle "GM"]
[BlackTitle "GM"]
[WhiteElo "2759"]
[BlackElo "2560"]
[WhiteFideId "12573981"]
[BlackFideId "8603006"]
[EventDate "2021.07.31"]

1. e4 e5 2. Nf3 Nc6 3. Bb5 Nf6 4. d3 Bc5 5. Ba4 O-O 6. O-O d6 7. c3 Bb6 8. Nbd2
Ne7 9. Nc4 Ng6 10. Bc2 Re8 11. Re1 c6 12. Nxb6 axb6 13. d4 Qc7 14. h3 h6 15. Be3
Bd7 16. a4 c5 17. Nd2 b5 18. dxc5 dxc5 19. axb5 Bxb5 20. Qf3 Rxa1 21. Rxa1 Nf4
22. Re1 b6 23. Bb3 Bc6 24. Bc2 Bb5 25. Nf1 Nh7 26. Ng3 Ng5 27. Qg4 Nge6 28. Nf5
Kh7 29. Bxf4 exf4 30. e5 1-0

[Event "Chessable Masters Prelim"]
[Site "chess24.com INT"]
[Date "2021.07.31"]
[Round "5.7"]
[White "So, Wesley"]
[Black "Iturrizaga Bonelli, Eduardo"]
[Result "1-0"]
[WhiteTitle "GM"]
[BlackTitle "GM"]
[WhiteElo "2772"]
[BlackElo "2607"]
[WhiteFideId "5202213"]
[BlackFideId "3901211"]
[EventDate "2021.07.31"]

1. e4 c6 2. d4 d5 3. Nc3 dxe4 4. Nxe4 Nf6 5. Nxf6+ exf6 6. Be3 Bd6 7. Bd3 O-O 8.
Ne2 Re8 9. O-O Nd7 10. c4 Nf8 11. Ng3 Ng6 12. Qc2 Be6 13. Rfe1 Rc8 14. Ne4 Bf4
15. Rad1 Bxe3 16. Rxe3 Qxd4 17. Bf1 Qe5 18. Nd6 Qg5 19. Qb3 Ne5 20. Nxc8 Rxc8
21. Qxb7 Rf8 22. Qe7 h5 23. Rd8 Rxd8 24. Qxd8+ Kh7 25. Qd4 c5 26. Qe4+ Bf5 27.
h4 Qg6 28. Qd5 Qg4 29. g3 Qd4 30. Qxd4 cxd4 31. Ra3 d3 32. Rc3 Nf3+ 33. Kh1 Ne1
34. f3 Kh6 35. c5 d2 36. Be2 Nd3 37. Rxd3 Bxd3 38. Bd1 Bc4 39. a3 Bd5 40. Kg1 g5
41. Kf2 g4 42. fxg4 hxg4 43. Ke3 f5 44. Kxd2 f4 45. Bxg4 fxg3 46. Ke1 Bc6 47. b4
f5 48. Bxf5 Kh5 49. Kf1 Kxh4 50. Bd3 Kg5 51. b5 Bf3 52. b6 axb6 53. cxb6 Kf6 54.
Ba6 Ke5 55. b7 Bxb7 56. Bxb7 Kd6 57. Kg2 Kc5 58. a4 1-0

[Event "Chessable Masters Prelim"]
[Site "chess24.com INT"]
[Date "2021.07.31"]
[Round "5.8"]
[White "Aronian, Levon"]
[Black "Tari, Aryan"]
[Result "1-0"]
[WhiteTitle "GM"]
[BlackTitle "GM"]
[WhiteElo "2782"]
[BlackElo "2639"]
[WhiteFideId "13300474"]
[BlackFideId "1510045"]
[EventDate "2021.07.31"]

1. e4 e5 2. Nf3 Nc6 3. Bb5 a6 4. Ba4 Nf6 5. d3 Bc5 6. c3 b5 7. Bc2 d5 8. exd5
Qxd5 9. Qe2 O-O 10. Bg5 Qd6 11. Nbd2 Bb6 12. O-O h6 13. Bh4 Nh5 14. Rfe1 Nf4 15.
Qf1 Bf5 16. Ne4 Qd5 17. Bg3 Rae8 18. b4 Nh5 19. a3 Qd7 20. Nfd2 Be6 21. Nb3 Bxb3
22. Bxb3 Kh8 23. Bd1 Nxg3 24. hxg3 f5 25. Nd2 Rd8 26. Bc2 f4 27. gxf4 Rxf4 28.
Ne4 Rdf8 29. Re2 Ne7 30. Rae1 Nf5 31. d4 exd4 32. Rd2 Qf7 33. Qd3 dxc3 34. Qxc3
Nd6 35. Nc5 Rxf2 36. Qd3 Rf5 37. g4 Qg6 38. Rg2 Rxc5 39. Qxg6 Rg5+ 40. Kh2 Rxg6
41. Bxg6 Rf6 42. Bd3 Rf3 43. Rg3 Rf2+ 44. Kh3 Kg8 45. g5 hxg5 46. Bg6 Bd4 47.
Rxg5 Rf3+ 48. Kg4 Rf2 49. Kg3 Ra2 50. Rd1 Rxa3+ 51. Kg4 Bf6 52. Rc5 Rc3 53. Rxc3
Bxc3 54. Rc1 Bxb4 55. Rxc7 a5 56. Kf4 a4 57. Ke5 a3 58. Ke6 a2 59. Ra7 Nb7 60.
Rxa2 Nd8+ 61. Kd5 Bf8 62. Ra7 Bb4 63. Rd7 Ba5 64. Re7 1-0

[Event "Chessable Masters Prelim"]
[Site "chess24.com INT"]
[Date "2021.08.01"]
[Round "6.1"]
[White "Mishra, Abhimanyu"]
[Black "Tari, Aryan"]
[Result "1/2-1/2"]
[WhiteTitle "IM"]
[BlackTitle "GM"]
[WhiteElo "2504"]
[BlackElo "2639"]
[WhiteFideId "30920019"]
[BlackFideId "1510045"]
[EventDate "2021.07.31"]

1. d4 Nf6 2. c4 g6 3. Nc3 d5 4. Nf3 Bg7 5. Qb3 c6 6. cxd5 Nxd5 7. e4 Nxc3 8.
bxc3 O-O 9. Be3 c5 10. d5 Nd7 11. Rc1 a6 12. c4 b5 13. cxb5 axb5 14. Bxb5 Qa5+
15. Bd2 Qxa2 16. Qxa2 Rxa2 17. O-O Ne5 18. Nxe5 Rxd2 19. Nc6 e6 20. Rxc5 Kh8 21.
Ne7 Bb7 22. Rc7 Ba8 23. Bc6 exd5 24. exd5 Bf6 25. Rc8 Rxc8 26. Nxc8 Bxc6 27.
dxc6 Rc2 28. Nd6 Rxc6 29. Rd1 Kg8 30. Ne4 Be7 31. g3 Rc2 32. Rd2 Rc6 33. Rd3 f5
34. Nc3 Kf7 35. Kg2 g5 36. Nd5 Rd6 37. Rd1 Bf6 38. Ne3 Rxd1 39. Nxd1 Bd4 40. Kf3
g4+ 41. Ke2 Kf6 42. Ne3 Bxe3 43. Kxe3 Ke5 44. f3 h5 45. f4+ Kd5 46. Kd3 Kc5 47.
Kc3 Kd5 48. Kd3 Kc5 49. Kc3 Kd5 50. Kd3 1/2-1/2

[Event "Chessable Masters Prelim"]
[Site "chess24.com INT"]
[Date "2021.08.01"]
[Round "6.2"]
[White "Iturrizaga Bonelli, Eduardo"]
[Black "Aronian, Levon"]
[Result "0-1"]
[WhiteTitle "GM"]
[BlackTitle "GM"]
[WhiteElo "2607"]
[BlackElo "2782"]
[WhiteFideId "3901211"]
[BlackFideId "13300474"]
[EventDate "2021.07.31"]

1. c4 Nf6 2. g3 e6 3. Bg2 d5 4. Nf3 dxc4 5. Qa4+ Bd7 6. Qxc4 c5 7. O-O Bc6 8. d3
Nbd7 9. a4 Be7 10. Qc2 Nd5 11. Bd2 O-O 12. e4 Nb4 13. Bxb4 cxb4 14. d4 Qa5 15.
Nbd2 Rac8 16. Qd3 Bxa4 17. Qe3 b3 18. Qxb3 Nb6 19. Qe3 Qb4 20. b3 Rc3 21. Qf4
Bb5 22. Rfe1 a6 23. h4 Rc2 24. Rac1 Bd6 25. e5 Nd5 26. Qg4 Rxc1 27. Rxc1 Be7 28.
Bf1 Qa3 29. Re1 Bb4 30. Bxb5 axb5 31. Rf1 Bxd2 32. Nxd2 Rc8 33. Ne4 Qxb3 34. Nc5
Qc4 35. Nxb7 Qc7 36. Nc5 Qc6 37. Ra1 Ra8 38. Rb1 b4 39. Qf3 h6 40. Rb3 Ra1+ 41.
Kh2 Qb5 42. Rd3 Qc4 43. Rd1 Ra3 44. Rd3 Qc2 45. Kg2 Ra1 46. Nb3 Re1 47. h5 Qb1
48. Nd2 Qc1 49. Nb3 Qc2 50. Rd2 Qb1 51. Kh2 Nc3 52. Nc5 Nd5 53. Nd3 Rf1 54. Nf4
Nxf4 55. gxf4 Rc1 56. d5 Rc3 57. dxe6 Rxf3 58. e7 Qf1 59. e8=Q+ Kh7 60. Qd7
Rxf2+ 61. Rxf2 Qxf2+ 62. Kh1 Qf1+ 0-1

[Event "Chessable Masters Prelim"]
[Site "chess24.com INT"]
[Date "2021.08.01"]
[Round "6.3"]
[White "Ju, Wenjun"]
[Black "So, Wesley"]
[Result "1/2-1/2"]
[WhiteTitle "GM"]
[BlackTitle "GM"]
[WhiteElo "2560"]
[BlackElo "2772"]
[WhiteFideId "8603006"]
[BlackFideId "5202213"]
[EventDate "2021.07.31"]

1. d4 Nf6 2. c4 e6 3. g3 Bb4+ 4. Bd2 Be7 5. Bg2 d5 6. Nf3 Nbd7 7. O-O O-O 8. Qc2
c6 9. Rd1 b6 10. Bf4 Ba6 11. cxd5 cxd5 12. Ne5 Bb7 13. Nc6 Bxc6 14. Qxc6 Qc8 15.
Qa4 Qb7 16. Nc3 a6 17. Qb3 b5 18. a4 b4 19. a5 Nh5 20. Bd2 Nhf6 21. e3 Rfc8 22.
Ne2 Ne4 23. Be1 Nd6 24. Qxb4 Qxb4 25. Bxb4 Rab8 26. Bc3 Nf6 27. Nf4 Nfe4 28.
Rdc1 Nxc3 29. bxc3 Nb5 30. Bf1 g5 31. Nd3 Nxc3 32. Nc5 Bxc5 33. Rxc3 Bb4 34. Rb3
Bc3 35. Rxb8 Rxb8 36. Ra3 Be1 37. Ra1 Bc3 38. Ra3 Be1 39. Ra1 Bc3 1/2-1/2

[Event "Chessable Masters Prelim"]
[Site "chess24.com INT"]
[Date "2021.08.01"]
[Round "6.4"]
[White "Artemiev, Vladislav"]
[Black "Firouzja, Alireza"]
[Result "1/2-1/2"]
[WhiteTitle "GM"]
[BlackTitle "GM"]
[WhiteElo "2704"]
[BlackElo "2759"]
[WhiteFideId "24101605"]
[BlackFideId "12573981"]
[EventDate "2021.07.31"]

1. Nf3 c5 2. c4 Nf6 3. g3 d5 4. cxd5 Nxd5 5. Bg2 Nc6 6. d4 cxd4 7. Nxd4 Ndb4 8.
Nxc6 Qxd1+ 9. Kxd1 Nxc6 10. Nc3 Bf5 11. Bxc6+ bxc6 12. f3 e5 13. e4 Be6 14. Be3
Be7 15. Ke2 O-O 16. g4 Bc4+ 17. Kf2 Rfd8 18. Rhd1 Rxd1 19. Rxd1 Bb4 20. Rc1 Bxc3
21. Rxc3 Bxa2 22. Rxc6 a5 23. g5 Rb8 24. Kg3 a4 25. Ba7 Re8 26. Bc5 Bb3 27. Bb4
h5 28. gxh6 gxh6 29. Rxh6 Re6 30. Rh4 Rg6+ 31. Kf2 Rc6 32. Ba3 Kg7 33. Ke3 Be6
34. f4 exf4+ 35. Rxf4 Rc2 36. h4 Kg6 37. Kd4 Kh5 38. Ke5 Rh2 39. Kf6 Rxh4 40.
Rxh4+ Kxh4 41. e5 Kg4 1/2-1/2

[Event "Chessable Masters Prelim"]
[Site "chess24.com INT"]
[Date "2021.08.01"]
[Round "6.5"]
[White "Harikrishna, Pentala"]
[Black "Van Foreest, Jorden"]
[Result "1/2-1/2"]
[WhiteTitle "GM"]
[BlackTitle "GM"]
[WhiteElo "2730"]
[BlackElo "2688"]
[WhiteFideId "5007003"]
[BlackFideId "1039784"]
[EventDate "2021.07.31"]

1. d4 Nf6 2. Nf3 d5 3. c4 e6 4. Nc3 c5 5. cxd5 cxd4 6. Qxd4 exd5 7. Bg5 Be7 8.
e3 O-O 9. Bd3 h6 10. Bh4 Nc6 11. Qa4 Be6 12. O-O Qb6 13. Qb5 Qxb5 14. Bxb5 Rac8
15. Rfd1 Rfd8 16. Rac1 g5 17. Bg3 Ne4 18. Ne2 Bf6 19. Bxc6 Nxg3 20. hxg3 bxc6
21. b4 a5 22. Ned4 g4 23. Ne1 axb4 24. Nxc6 Rd6 25. Nxb4 Ra8 26. Ned3 Ra4 27.
Rc2 Rb6 28. Nc6 Rc4 29. Rxc4 dxc4 30. Ndb4 c3 31. a3 c2 32. Rc1 Bb3 33. Nd4 Bxd4
34. exd4 Re6 35. d5 Re2 36. d6 Rd2 37. Nxc2 Bxc2 38. d7 Rxd7 39. Rxc2 Rd1+ 40.
Kh2 Ra1 41. Rc3 Kg7 42. f3 h5 43. f4 Kg6 44. Rc6+ f6 45. Ra6 Rb1 46. Ra8 Ra1 47.
a4 Kg7 48. a5 Kg6 49. a6 Kh7 50. Ra7+ Kg6 51. Ra8 Kg7 52. Ra7+ Kg6 53. Ra8 1/2-1/2

[Event "Chessable Masters Prelim"]
[Site "chess24.com INT"]
[Date "2021.08.01"]
[Round "6.6"]
[White "Anton Guijarro, David"]
[Black "Adhiban, Baskaran"]
[Result "0-1"]
[WhiteTitle "GM"]
[BlackTitle "GM"]
[WhiteElo "2673"]
[BlackElo "2660"]
[WhiteFideId "2285525"]
[BlackFideId "5018471"]
[EventDate "2021.07.31"]

1. d4 Nf6 2. Nf3 g6 3. Bf4 Bg7 4. e3 O-O 5. Be2 b6 6. h3 Bb7 7. O-O d6 8. Bh2
Nbd7 9. c4 Ne4 10. Nfd2 Nxd2 11. Qxd2 e5 12. Nc3 Qg5 13. d5 a5 14. Bd3 Nc5 15.
Bc2 Qh4 16. b3 Ba6 17. Rac1 f5 18. f3 Bh6 19. Kh1 Rf7 20. Qe2 Raf8 21. Nb5 Bxb5
22. cxb5 Nd7 23. Bb1 Nf6 24. Rc4 e4 25. fxe4 fxe4 26. Rfc1 Qh5 27. Qxh5 Nxh5 28.
Bg1 Ng3+ 29. Kh2 Nf1+ 30. Kh1 Nxe3 31. Rxe4 Nxd5 32. Rce1 Nc3 33. Rc4 Bd2 0-1

[Event "Chessable Masters Prelim"]
[Site "chess24.com INT"]
[Date "2021.08.01"]
[Round "6.8"]
[White "Koneru, Humpy"]
[Black "Le, Quang Liem"]
[Result "0-1"]
[WhiteTitle "GM"]
[BlackTitle "GM"]
[WhiteElo "2586"]
[BlackElo "2709"]
[WhiteFideId "5008123"]
[BlackFideId "12401137"]
[EventDate "2021.07.31"]

1. d4 Nf6 2. c4 e6 3. Nf3 d5 4. Nc3 dxc4 5. e4 b5 6. Nxb5 Nxe4 7. Qa4 c6 8. Nc3
Nd6 9. Ne5 Be7 10. Be2 O-O 11. O-O Bb7 12. Rd1 Qb6 13. Bf3 Rc8 14. Nxc4 Nxc4 15.
Qxc4 Nd7 16. Be3 Ba6 17. Qa4 Qb7 18. Rac1 Nb6 19. Qc2 Bc4 20. Na4 Nxa4 21. Qxa4
Bd5 22. Bxd5 cxd5 23. b3 h5 24. h3 h4 25. Bd2 a6 26. b4 Rc4 27. Rxc4 dxc4 28.
Qc2 Rc8 29. Bc3 Qd5 30. Re1 Bf6 31. Qe4 Qd7 32. Rd1 Qa4 33. Rd2 Rd8 34. Qe2 Qa3
35. Rc2 Qa4 36. Rd2 Bg5 37. Rd1 Rd5 38. Re1 Qc6 39. Qc2 Bd8 40. Re4 Rg5 41. Rg4
Rd5 42. Re4 Bc7 43. Rxh4 f5 44. Qe2 Bd8 45. Rf4 Bf6 46. Rf3 Bxd4 47. Bxd4 Rxd4
48. Re3 Qd6 49. g3 Qd5 50. Qf3 Kf7 51. a4 Kf6 52. Kg2 Rd2 53. g4 f4 54. Re4 e5
55. g5+ Kf5 56. Re3 e4 57. Qg4+ Ke5 58. g6 fxe3 59. Qg5+ Ke6 0-1